Rgveda mandala III/ (Record no. 38309)

000 -LEADER
fixed length control field 00402nam a22001691a 4500
020 ## - INTERNATIONAL STANDARD BOOK NUMBER
ISBN 9788185616735
082 ## - DEWEY DECIMAL CLASSIFICATION NUMBER
Classification number 294.592 12
Item number SID/R
100 ## - MAIN ENTRY--AUTHOR NAME
Personal name Sidha Nath Shukla
245 ## - TITLE STATEMENT
Title Rgveda mandala III/
Statement of responsibility, etc by Sidha Nath Shukla
260 ## - PUBLICATION, DISTRIBUTION, ETC. (IMPRINT)
Place of publication New Delhi:
Name of publisher Sharada,
Year of publication 2001.
300 ## - PHYSICAL DESCRIPTION
Number of Pages 199p.
650 ## - SUBJECT ADDED ENTRY--TOPICAL TERM
Topical Term Rgveda
650 ## - SUBJECT ADDED ENTRY--TOPICAL TERM
Topical Term Vedic Literature
650 ## - SUBJECT ADDED ENTRY--TOPICAL TERM
Topical Term Hinduism
650 ## - SUBJECT ADDED ENTRY--TOPICAL TERM
Topical Term Religion
942 ## - ADDED ENTRY ELEMENTS (KOHA)
Koha item type Book
Holdings
Withdrawn status Lost status Damaged status Not for loan Permanent Location Current Location Date acquired Cost, normal purchase price Full call number Accession Number Cost, replacement price Price effective from Koha item type Shelving location
        Sree Sankaracharya University of Sanskrit Sree Sankaracharya University of Sanskrit 08.01.2015 400.00 294.592 12 SID/R 072861 0.00 08.01.2015 Book  
        Sree Sankaracharya University of Sanskrit Sree Sankaracharya University of Sanskrit 12.07.2016 400.00 294.592 12 SID/R 030239   12.07.2016 Book Stacks